000 01097cam a22002175a 4500
001 L158838
008 150807s2015 xxk f 000 0 eng d
035 _a(Sirsi) u158838
041 0 _aeng
100 1 _aYorke, Trevor
245 0 0 _aSurfaces on driveways
_bPart 1 The planning
260 _c2015
490 0 _aLetting Update Journal
_v23 (2) July 2015, 22-24
520 _aFirst in a series of articles on on driveways looks at planning a new driveway and replacing an existing one. Looks at the pros and cons of building a driveway to a residential property. Highlights issues such as checking whether planning permission is required, potential breaches of restrictive covenants, drainage and soakaways, and making the best choice of surfaces. Permission needs to be sought from local authories to drop curbs who may require their own approved contractors to undertake this type of work. For Part 2 see L159032 and Part 3 L159115.
590 _aKA
650 2 4 _aDRIVEWAYS
650 2 4 _aPARKING
651 4 _aENGLAND AND WALES
690 _aResidential property
_96266
942 _n0
999 _c115535
_d115535